000 00536nam a22001937a 4500
003 KOHA_MİRAKIL
005 20251118101555.0
008 251118b tu ||||| |||| 00| 0 tur d
020 _a9786257038324
040 _aTR-AnABB
_btur
_cTR-AnABB
041 _atur
082 _a809.935297
_bARS 2022
100 1 _aArslan, Abdulrahim,
245 1 0 _aBir derviş'in hikayesi /
_cAbdulrahim Arslan
260 _aİstanbul :
_bTruva Yayınları,
_c2022
300 _a95 sayfa ;
_c21 cm
650 0 0 _aDin, İslam
942 _2ddc
_cBK
999 _c9520
_d9520
900 _bGizem YORULMAZ